| 000 | 00503nam a2200181 4500 | ||
|---|---|---|---|
| 999 |
_c7621 _d7621 |
||
| 020 | _a9789964724535 | ||
| 050 |
_aPR9379.9 _b.Ow7 |
||
| 100 | _aOWUSU MARTIN OKYERE | ||
| 245 |
_aTHE STORY OF ANANSE TOLD _cMARTIN OKYERE OWUSU |
||
| 260 |
_aACCRA _bSEDCO PUBLISHING LIMITED _c1999 |
||
| 300 |
_aIV. 47 P. _c18 CM |
||
| 440 | _aA PLAY FOR THE AFRICAN THEATRE | ||
| 505 | _aCHARACTERS ACT I ACT II ACT III ACT IV | ||
| 650 | _aSTORY | ||
| 650 | _aFICTION | ||
| 650 | _aENGLISH LANGUAGE | ||
| 942 | _cBK | ||